[Event "40º Torneo Internacional de Ajedrez de "]
[Site "La Roda (Albacete) - ESPAÑA"]
[Date "2013.03.31"]
[Round "8"]
[White "Korneev, Oleg"]
[Black "Pilgaard, Kim"]
[Result "1/2-1/2"]
[WhiteElo "2609"]
[BlackElo "2432"]
[PlyCount "37"]
[EventDate "2013.03.27"]
[EventRounds "9"]
[EventCountry "ESP"]

1. e4 e5 2. Nf3 Nc6 3. Bb5 a6 4. Ba4 Nf6 5. O-O Be7 6. Re1 b5 7. Bb3 O-O 8. c3
d5 9. d4 exd4 10. e5 Ne4 11. cxd4 Bf5 12. Nbd2 Nb4 13. Nf1 c5 14. a3 Nc6 15.
Ne3 Be6 16. Bc2 f5 17. exf6 Bxf6 18. dxc5 Nxc5 19. Nf5 1/2-1/2

[Event "40º Torneo Internacional de Ajedrez de "]
[Site "La Roda (Albacete) - ESPAÑA"]
[Date "2013.03.31"]
[Round "8"]
[White "Sedlak, Nikola"]
[Black "Aguera Naredo, Javier"]
[Result "1-0"]
[WhiteElo "2577"]
[BlackElo "2390"]
[PlyCount "169"]
[EventDate "2013.03.27"]
[EventRounds "9"]
[EventCountry "ESP"]

1. d4 d6 2. Nf3 g6 3. c4 Bg7 4. Nc3 Nf6 5. e4 O-O 6. Be2 Na6 7. O-O e5 8. Re1
c6 9. Bf1 Bg4 10. d5 cxd5 11. cxd5 Ne8 12. h3 Bc8 13. a4 f5 14. Ng5 Nec7 15.
Bc4 f4 16. Ne6 Nxe6 17. dxe6 Kh8 18. b3 Nc5 19. Ba3 Bxe6 20. Bxc5 Bxc4 21. bxc4
dxc5 22. Qxd8 Raxd8 23. Nd5 Rd7 24. Reb1 Rff7 25. a5 Bf8 26. Kf1 Kg7 27. Ke2
Bd6 28. a6 b6 29. Nc3 Bb8 30. Nb5 Kf6 31. Rd1 Ke6 32. h4 Rxd1 33. Rxd1 Rf8 34.
h5 g5 35. g4 h6 36. f3 Rc8 37. Rd5 Re8 38. Kd3 Rf8 39. Kc3 Rg8 40. Kb3 Rf8 41.
Ka4 Rg8 42. Nc3 Rf8 43. Kb5 Rc8 44. Rd1 Bd6 45. Nd5 Bf8 46. Nc3 Bd6 47. Nd5 Bf8
48. Rd3 Bg7 49. Ka4 Bf8 50. Nc3 Bd6 51. Kb5 Bf8 52. Nd5 Bd6 53. Nf6 Be7 54. Nd5
Bd6 55. Rd1 Bf8 56. Rb1 Bd6 57. Nxb6 axb6 58. a7 Kd7 59. Ka6 Kc7 60. Rxb6 Rd8
61. Kb5 Bf8 62. Ka6 Bd6 63. Rb1 Kc6 64. Rb6+ Kc7 65. Rb7+ Kc6 66. Rf7 Bf8 67.
Rf6+ Kc7 68. Rf7+ Kc6 69. Rf6+ Kc7 70. Kb5 Kb7 71. Rf7+ Ka8 72. Kc6 Rd6+ 73.
Kc7 Rd3 74. Rxf8+ Kxa7 75. Rf5 Rxf3 76. Rxe5 Rg3 77. Rxc5 Ka6 78. Rc6+ Ka5 79.
Rxh6 Rxg4 80. Rf6 f3 81. Rxf3 Rxe4 82. Rf5+ Kb4 83. c5 g4 84. c6 Kc3 85. h6 1-0

[Event "40º Torneo Internacional de Ajedrez de "]
[Site "La Roda (Albacete) - ESPAÑA"]
[Date "2013.03.31"]
[Round "8"]
[White "Lopez Martinez, Josep Manuel"]
[Black "Popovic, Dusan"]
[Result "1/2-1/2"]
[WhiteElo "2500"]
[BlackElo "2562"]
[PlyCount "111"]
[EventDate "2013.03.27"]
[EventRounds "9"]
[EventCountry "ESP"]

1. d4 Nf6 2. c4 g6 3. Nc3 Bg7 4. e4 d6 5. h3 O-O 6. Bg5 c6 7. Nf3 a6 8. a3 b5
9. Qd2 Nbd7 10. Rd1 bxc4 11. e5 Nd5 12. Bxc4 N7b6 13. Ba2 Nxc3 14. Qxc3 h6 15.
Bh4 Bf5 16. O-O Qd7 17. Rfe1 Nd5 18. Bxd5 cxd5 19. exd6 exd6 20. Re7 Qa4 21.
Rd2 Be4 22. Rc7 Bxf3 23. Qxf3 Qa5 24. Rcc2 Rae8 25. Bf6 Re4 26. Bxg7 Kxg7 27.
Qc3 Qd8 28. Qc6 Qf6 29. Qxd5 Rfe8 30. Rd3 Rf4 31. Rd1 Rfe4 32. Rd3 Rf4 33. g3
Rf5 34. Qc6 Re1+ 35. Kg2 h5 36. Qc3 Qe7 37. Re3 Rxe3 38. Qxe3 Qb7+ 39. f3 Rb5
40. b4 a5 41. Qe8 Rf5 42. Qe4 Qb5 43. g4 hxg4 44. hxg4 Rf6 45. d5 axb4 46. axb4
g5 47. Rc8 Rf4 48. Qe7 Qxd5 49. Qf8+ Kg6 50. Qg8+ Kf6 51. Qh8+ Ke6 52. Qe8+ Kf6
53. Qd8+ Kg6 54. Qg8+ Kf6 55. Qh8+ Ke6 56. Qe8+ 1/2-1/2

[Event "40º Torneo Internacional de Ajedrez de "]
[Site "La Roda (Albacete) - ESPAÑA"]
[Date "2013.03.31"]
[Round "8"]
[White "Ibarra Jerez, Jose Carlos"]
[Black "Ramiro Ovejero, Juan Luis"]
[Result "1/2-1/2"]
[WhiteElo "2544"]
[BlackElo "2368"]
[PlyCount "49"]
[EventDate "2013.03.27"]
[EventRounds "9"]
[EventCountry "ESP"]

1. e4 c6 2. d4 d5 3. e5 Bf5 4. h4 h5 5. c4 e6 6. Nc3 dxc4 7. Bxc4 Nd7 8. Nge2
Nb6 9. Bb3 Ne7 10. Bg5 Qd7 11. Qd2 Ned5 12. Nf4 Nxf4 13. Qxf4 Be7 14. Bxe7 Qxe7
15. a3 O-O-O 16. Rd1 Rhg8 17. f3 g5 18. hxg5 Rxg5 19. Rd2 Rdg8 20. Rh2 Kb8 21.
Kf1 Qc7 22. Kg1 f6 23. Rh4 fxe5 24. Qxe5 Qxe5 25. dxe5 1/2-1/2

[Event "40º Torneo Internacional de Ajedrez de "]
[Site "La Roda (Albacete) - ESPAÑA"]
[Date "2013.03.31"]
[Round "8"]
[White "Suba, Mihai"]
[Black "Libiszewski, Fabien"]
[Result "0-1"]
[WhiteElo "2414"]
[BlackElo "2518"]
[PlyCount "112"]
[EventDate "2013.03.27"]
[EventRounds "9"]
[EventCountry "ESP"]

1. d4 Nf6 2. c4 g6 3. Nc3 Bg7 4. e4 d6 5. h3 O-O 6. Bg5 Nbd7 7. Nf3 e5 8. d5 a5
9. Nd2 Nc5 10. Be2 Bd7 11. O-O h6 12. Be3 Nh7 13. Nb3 b6 14. Qd2 Ng5 15. Nxc5
bxc5 16. h4 Nh7 17. g3 h5 18. Kg2 Kh8 19. Rh1 Qe8 20. a4 f5 21. f3 Qf7 22. Nb5
Bc8 23. Qc2 Nf6 24. Raf1 f4 25. gxf4 exf4 26. Bd2 Kh7 27. Rh2 Bd7 28. Kh1 Bxb5
29. cxb5 Nd7 30. Bc3 Bxc3 31. Qxc3 Qf6 32. Qxf6 Rxf6 33. Rg2 Ne5 34. Kg1 Rg8
35. Kf2 Kg7 36. Rfg1 Rff8 37. Ke1 Kf6 38. Kd2 Rg7 39. Ke1 Rfg8 40. Kf2 g5 41.
hxg5+ Rxg5 42. Rxg5 Rxg5 43. Rh1 Ng6 44. Bf1 h4 45. Bh3 Rg3 46. Bf5 Ne5 47.
Rxh4 Rxf3+ 48. Ke2 Re3+ 49. Kf1 Nd3 50. Rh3 f3 51. Kg1 f2+ 52. Kg2 Rxh3 53.
Bxh3 Nf4+ 54. Kxf2 Nxh3+ 55. Kg3 Ng5 56. Kf4 Nf7 0-1

[Event "40º Torneo Internacional de Ajedrez de "]
[Site "La Roda (Albacete) - ESPAÑA"]
[Date "2013.03.31"]
[Round "8"]
[White "Munoz Pantoja, Miguel"]
[Black "Moskalenko, Viktor"]
[Result "1/2-1/2"]
[WhiteElo "2483"]
[BlackElo "2531"]
[PlyCount "77"]
[EventDate "2013.03.27"]
[EventRounds "9"]
[EventCountry "ESP"]

1. e4 g6 2. d4 Bg7 3. Nc3 d6 4. Bg5 h6 5. Be3 a6 6. a4 Nf6 7. h3 O-O 8. Qd2 Kh7
9. Nf3 Nc6 10. Be2 e5 11. d5 Ne7 12. g4 Nfg8 13. Nh2 c6 14. dxc6 bxc6 15. a5
Bb7 16. O-O Nf6 17. Bf3 d5 18. Bb6 Qd6 19. Rfd1 d4 20. Na4 Nd7 21. b4 Nxb6 22.
axb6 Rfd8 23. c4 c5 24. bxc5 Qe6 25. Nb2 Nc6 26. Nd3 Bf8 27. Nf1 a5 28. Ra4 Nb4
29. Rda1 Nxd3 30. Qxd3 Bxc5 31. Rxa5 Qxb6 32. Rxa8 Rxa8 33. Rb1 Qc7 34. Nd2 Ra3
35. Rb3 Rxb3 36. Qxb3 Bc8 37. Be2 Be6 38. Nf3 Kg7 39. Kg2 1/2-1/2

[Event "40º Torneo Internacional de Ajedrez de "]
[Site "La Roda (Albacete) - ESPAÑA"]
[Date "2013.03.31"]
[Round "8"]
[White "Villasenor Rubio, Emilio Jose"]
[Black "Ubilava, Elizbar"]
[Result "0-1"]
[WhiteElo "2233"]
[BlackElo "2495"]
[PlyCount "74"]
[EventDate "2013.03.27"]
[EventRounds "9"]
[EventCountry "ESP"]

1. e4 d6 2. d4 Nf6 3. Nc3 g6 4. Nf3 Bg7 5. Be2 O-O 6. O-O Nc6 7. Be3 Bg4 8. Nd2
Bxe2 9. Qxe2 Nd7 10. Nf3 e5 11. d5 Nd4 12. Bxd4 exd4 13. Nb5 Re8 14. Nbxd4 Nc5
15. Rfe1 Rxe4 16. Qd2 a6 17. b4 Rxe1+ 18. Rxe1 Nd7 19. c4 Nb6 20. Qd3 Qd7 21.
Nb3 Qa4 22. c5 Nd7 23. Qd2 a5 24. cxd6 cxd6 25. bxa5 b6 26. Qc2 bxa5 27. Qc6
Qxc6 28. dxc6 Nc5 29. Nbd4 Rc8 30. Rc1 Bf6 31. Kf1 Kf8 32. Ke2 Ke7 33. Rb1 Kd8
34. Rb7 Bxd4 35. Nxd4 Nxb7 36. cxb7 Rb8 37. Nc6+ Kc7 0-1

[Event "40º Torneo Internacional de Ajedrez de "]
[Site "La Roda (Albacete) - ESPAÑA"]
[Date "2013.03.31"]
[Round "8"]
[White "Martins, David Pires Tavares"]
[Black "Perez Mitjans, Orelvis"]
[Result "0-1"]
[WhiteElo "2183"]
[BlackElo "2487"]
[PlyCount "108"]
[EventDate "2013.03.27"]
[EventRounds "9"]
[EventCountry "ESP"]

1. e4 c5 2. Nf3 g6 3. d4 cxd4 4. Nxd4 Bg7 5. c4 Nc6 6. Be3 Nf6 7. Nc3 O-O 8.
Be2 d6 9. Qd2 Bd7 10. Nc2 Qa5 11. f3 Rfc8 12. Rc1 Be6 13. O-O Nd7 14. b4 Qd8
15. f4 Nb6 16. Nd5 Na4 17. Na1 a5 18. Bd1 axb4 19. Bxa4 Rxa4 20. Nb6 Ra3 21.
Nb3 Rb8 22. Qf2 f5 23. exf5 Bxf5 24. Rfd1 Qf8 25. c5 Be6 26. cxd6 exd6 27. Nc4
Bxc4 28. Rxc4 Bc3 29. Bc1 Raa8 30. Re4 Re8 31. Re2 Rxe2 32. Qxe2 Re8 33. Qf3
Kg7 34. Be3 Qe7 35. Kf2 Ra8 36. Qe2 Qe6 37. h3 Kg8 38. Nc1 d5 39. Bc5 Qxe2+ 40.
Kxe2 d4 41. Kd3 Kf7 42. g4 Ra5 43. Kc4 Ke6 44. Nb3 b5+ 45. Kd3 Rxa2 46. Bxd4
Rh2 47. Ke4 Rxh3 48. Nc5+ Kf7 49. Be3 Na5 50. Rd7+ Ke8 51. Rc7 Nc4 52. Bf2 Rh2
53. Kf3 Nd2+ 54. Kg3 Rh1 0-1

[Event "40º Torneo Internacional de Ajedrez de "]
[Site "La Roda (Albacete) - ESPAÑA"]
[Date "2013.03.31"]
[Round "8"]
[White "Arribas Lopez, Angel"]
[Black "Nicolas Zapata, Irene"]
[Result "1-0"]
[WhiteElo "2478"]
[BlackElo "2250"]
[PlyCount "55"]
[EventDate "2013.03.27"]
[EventRounds "9"]
[EventCountry "ESP"]

1. Nf3 Nf6 2. g3 d5 3. Bg2 g6 4. O-O Bg7 5. d3 O-O 6. c3 c6 7. h3 h6 8. a4 Nbd7
9. a5 e5 10. b4 Re8 11. Qc2 e4 12. Nd4 Ne5 13. Be3 Bf5 14. Nxf5 gxf5 15. Qd2
Kh7 16. Na3 b6 17. Nc2 Nfd7 18. axb6 axb6 19. Rxa8 Qxa8 20. Nd4 Kg6 21. f4 exf3
22. Bxf3 Nxf3+ 23. Nxf3 Kh7 24. Nh4 f4 25. Bd4 f6 26. Qxf4 Nf8 27. Nf5 Ng6 28.
Qc7 1-0

[Event "40º Torneo Internacional de Ajedrez de "]
[Site "La Roda (Albacete) - ESPAÑA"]
[Date "2013.03.31"]
[Round "8"]
[White "Starostits, Ilmars"]
[Black "Escudero Manzano, Alejandro"]
[Result "1/2-1/2"]
[WhiteElo "2470"]
[BlackElo "2216"]
[PlyCount "106"]
[EventDate "2013.03.27"]
[EventRounds "9"]
[EventCountry "ESP"]

1. e4 c5 2. Nc3 Nc6 3. g3 g6 4. Bg2 Bg7 5. d3 d6 6. f4 e6 7. Nf3 Nge7 8. Be3
Nd4 9. O-O O-O 10. e5 Nef5 11. Bf2 Nxf3+ 12. Qxf3 Nd4 13. Qd1 dxe5 14. fxe5
Bxe5 15. Ne4 f5 16. Nxc5 Qc7 17. b4 Bf6 18. c3 Nb5 19. Qb3 Nxc3 20. Rae1 Kh8
21. Nxe6 Bxe6 22. Rxe6 Rae8 23. Bc5 Rxe6 24. Qxe6 Rf7 25. Bxa7 Kg7 26. Bc5 Qd7
27. Re1 Qxd3 28. Kh1 Qd2 29. Rf1 Qd7 30. Qb3 Qa4 31. Qc4 Qd7 32. g4 b5 33. Qb3
fxg4 34. Rxf6 Rxf6 35. Qxc3 Qd1+ 36. Bg1 h5 37. Qd4 Qb1 38. a3 Qc1 39. Qd7+ Rf7
40. Qxb5 Qxa3 41. Qe5+ Kh7 42. b5 Re7 43. Qc5 Qxc5 44. Bxc5 Re5 45. Bd4 Rxb5
46. Kg1 Rb4 47. Be5 Rc4 48. Bf6 Rc2 49. Be4 Re2 50. Bd3 Rd2 51. Be4 Re2 52. Bd3
Rd2 53. Be4 Re2 1/2-1/2

[Event "40º Torneo Internacional de Ajedrez de "]
[Site "La Roda (Albacete) - ESPAÑA"]
[Date "2013.03.31"]
[Round "8"]
[White "Sanchez Jerez, Emilio Miguel"]
[Black "Antoli Royo, Joaquin Miguel"]
[Result "0-1"]
[WhiteElo "2213"]
[BlackElo "2414"]
[PlyCount "58"]
[EventDate "2013.03.27"]
[EventRounds "9"]
[EventCountry "ESP"]

1. e4 c5 2. Nc3 Nc6 3. Nge2 d6 4. d4 cxd4 5. Nxd4 Nf6 6. Be3 e5 7. Nf3 h6 8.
Bc4 Be7 9. Bb3 O-O 10. h3 Na5 11. g4 Nxb3 12. axb3 b5 13. g5 hxg5 14. Bxg5 Nh5
15. Bxe7 Qxe7 16. Nd5 Qd8 17. Nxe5 Qh4 18. Ng4 f5 19. Nge3 Bb7 20. Qe2 Nf4 21.
Qxb5 Bxd5 22. exd5 Qh5 23. Qc4 Qf3 24. Rg1 Rfe8 25. Qf1 Rxe3+ 26. fxe3 Qxe3+
27. Kd1 Re8 28. Ra4 Ne2 29. Qg2 Qc1# 0-1

[Event "40º Torneo Internacional de Ajedrez de "]
[Site "La Roda (Albacete) - ESPAÑA"]
[Date "2013.03.31"]
[Round "8"]
[White "Navarro Lopez-Menchero, Daniel"]
[Black "Donado-Mazarron Gomez, Miguel"]
[Result "1-0"]
[WhiteElo "2313"]
[BlackElo "2098"]
[PlyCount "71"]
[EventDate "2013.03.27"]
[EventRounds "9"]
[EventCountry "ESP"]

1. e4 c5 2. Nf3 d6 3. d4 cxd4 4. Nxd4 Nf6 5. Nc3 a6 6. Bc4 e6 7. Bb3 Nbd7 8.
O-O Nc5 9. f4 Be7 10. e5 dxe5 11. fxe5 Nfd7 12. Bf4 O-O 13. Kh1 Qc7 14. Qe2 b5
15. Bd5 Bb7 16. Bxb7 Qxb7 17. b4 Na4 18. Nxa4 bxa4 19. Qg4 Kh8 20. c3 Rac8 21.
Rf3 Qe4 22. Re3 Qd5 23. Qh5 g6 24. Qh6 Rfd8 25. Rh3 Nf8 26. Bg5 Bxg5 27. Qxg5
a5 28. b5 Rb8 29. Qf6+ Kg8 30. Nc6 Qd1+ 31. Qf1 Qxf1+ 32. Rxf1 Ra8 33. Nxd8
Rxd8 34. c4 Rc8 35. Rc3 Nd7 36. c5 1-0

[Event "40º Torneo Internacional de Ajedrez de "]
[Site "La Roda (Albacete) - ESPAÑA"]
[Date "2013.03.31"]
[Round "8"]
[White "Monell Camarasa, David"]
[Black "Perez Garcia, Alejandro"]
[Result "1-0"]
[WhiteElo "2266"]
[BlackElo "1970"]
[PlyCount "91"]
[EventDate "2013.03.27"]
[EventRounds "9"]
[EventCountry "ESP"]

1. d4 d5 2. c4 c6 3. Nf3 Nf6 4. Nc3 e6 5. e3 Nbd7 6. Bd3 dxc4 7. Bxc4 b5 8. Bb3
Bb7 9. O-O a6 10. e4 b4 11. Na4 Nxe4 12. Re1 Nef6 13. Bxe6 fxe6 14. Ng5 Be7 15.
Nxe6 Qa5 16. Nac5 Nxc5 17. dxc5 Rd8 18. Nxg7+ Kf7 19. Qb3+ Rd5 20. Nf5 Bf8 21.
Bf4 Bc8 22. Nd6+ Bxd6 23. Bxd6 Be6 24. Rxe6 Kxe6 25. Re1+ Kd7 26. Qh3+ Kd8 27.
Be7+ Kc7 28. Bxf6 Re8 29. Qxh7+ Rd7 30. Rxe8 Rxh7 31. Bd8+ Kd7 32. Bxa5 Kxe8
33. Bxb4 Kd7 34. g4 Ke6 35. Kg2 Kd5 36. Kg3 Ke4 37. f3+ Ke3 38. f4 Rb7 39. Bc3
Rb5 40. g5 Ke4 41. Kg4 Rxc5 42. g6 Rd5 43. g7 Rd1 44. Kh5 Rg1 45. Bf6 Kxf4 46.
h4 1-0

[Event "40º Torneo Internacional de Ajedrez de "]
[Site "La Roda (Albacete) - ESPAÑA"]
[Date "2013.03.31"]
[Round "8"]
[White "Krug Cortegoso, Rodolfo Martin"]
[Black "Campora, Daniel H"]
[Result "0-1"]
[WhiteElo "2144"]
[BlackElo "2483"]
[PlyCount "124"]
[EventDate "2013.03.27"]
[EventRounds "9"]
[EventCountry "ESP"]

1. Nf3 d5 2. d4 Nf6 3. c4 c6 4. e3 g6 5. Nc3 Bg7 6. Be2 O-O 7. O-O dxc4 8. Bxc4
Bg4 9. h3 Bxf3 10. Qxf3 Nbd7 11. Rd1 e5 12. d5 e4 13. Nxe4 Nxe4 14. Qxe4 Nf6
15. Qc2 cxd5 16. Be2 Qe7 17. Rb1 Rfd8 18. Qb3 Rd7 19. Bd2 Ne4 20. Bb5 Rdd8 21.
Ba5 b6 22. Bb4 Qh4 23. Be1 Nc5 24. Qb4 d4 25. f3 Qg5 26. exd4 Ne6 27. h4 Qf4
28. Bc6 Rxd4 29. Rxd4 Bxd4+ 30. Kh1 Rd8 31. Rd1 Qe3 32. Bg3 Bc5 33. Qe1 Rxd1
34. Qxd1 Nd4 35. Be4 Ne2 36. Bh2 Qf2 37. Qd8+ Bf8 38. Qd1 h5 39. Bc2 Ng3+ 40.
Bxg3 Qxg3 41. Qd8 Kg7 42. Qd4+ Kg8 43. Qd8 Qe1+ 44. Kh2 Qe5+ 45. Kh3 Kg7 46. g3
Bd6 47. f4 Qe1 48. Qa8 Qe6+ 49. f5 gxf5 50. Qf3 f4+ 51. g4 Qxa2 52. Qc3+ Kg8
53. Qc8+ Kg7 54. Qc3+ f6 55. g5 Qe6+ 56. Kg2 Be5 57. Qd3 fxg5 58. Qh7+ Kf8 59.
Qxh5 g4 60. Bb3 f3+ 61. Kf1 Qxb3 62. Qf5+ Kg8 0-1

[Event "40º Torneo Internacional de Ajedrez de "]
[Site "La Roda (Albacete) - ESPAÑA"]
[Date "2013.03.31"]
[Round "8"]
[White "Ramos Del Campo, Alexander"]
[Black "Garza Marco, Sergio"]
[Result "0-1"]
[WhiteElo "2099"]
[BlackElo "2449"]
[PlyCount "84"]
[EventDate "2013.03.27"]
[EventRounds "9"]
[EventCountry "ESP"]

1. e4 d6 2. d4 Nf6 3. Nc3 g6 4. g3 Bg7 5. Bg2 O-O 6. h3 c6 7. a4 a5 8. Nge2 Na6
9. O-O Nb4 10. Be3 Qc7 11. Qd2 e5 12. Rad1 Be6 13. Rfe1 Bc4 14. b3 Ba6 15. g4
Rad8 16. Qc1 Rfe8 17. dxe5 dxe5 18. Ng3 Nd7 19. h4 Nf8 20. h5 Ne6 21. Nce2 b6
22. Bf1 Bc8 23. f3 Nd4 24. Nxd4 exd4 25. Bf4 Be5 26. Bxe5 Qxe5 27. Kg2 Qc5 28.
Bd3 Be6 29. hxg6 fxg6 30. Rh1 Rd7 31. Qd2 Rf8 32. Rhf1 Rdf7 33. Rc1 Na2 34. Ra1
Nc3 35. Ne2 Nxe2 36. Qxe2 Qe5 37. Bc4 Bxc4 38. Qxc4 Kg7 39. Rad1 c5 40. Qe2 h5
41. Rde1 Rf4 42. gxh5 Qg5+ 0-1

[Event "40º Torneo Internacional de Ajedrez de "]
[Site "La Roda (Albacete) - ESPAÑA"]
[Date "2013.03.31"]
[Round "8"]
[White "Kovacevic, Slobodan"]
[Black "Cerrajeria Ruiz, Jesus Maria"]
[Result "1-0"]
[WhiteElo "2331"]
[BlackElo "2142"]
[PlyCount "69"]
[EventDate "2013.03.27"]
[EventRounds "9"]
[EventCountry "ESP"]

1. d4 g6 2. c3 Bg7 3. Bg5 c5 4. e3 cxd4 5. exd4 Qb6 6. Qb3 Qa5 7. Be3 Nc6 8.
Nd2 d5 9. Be2 Nf6 10. h3 Qc7 11. Bf3 Na5 12. Qd1 b6 13. Ne2 Ba6 14. O-O O-O 15.
Re1 Rac8 16. Qa4 b5 17. Qa3 Qb6 18. Qxe7 Rfe8 19. Qa3 Bf8 20. b4 Nc4 21. Nxc4
Rxc4 22. Nf4 Bb7 23. Nd3 Ne4 24. Rac1 f5 25. Qb2 Rc7 26. Ne5 Bd6 27. Qb3 Rf7
28. Rcd1 Bb8 29. Nd3 Qc7 30. Bf4 Qe7 31. Bxb8 Rxb8 32. Ne5 Qh4 33. Bxe4 fxe4
34. Nxf7 Kxf7 35. a4 1-0

[Event "40º Torneo Internacional de Ajedrez de "]
[Site "La Roda (Albacete) - ESPAÑA"]
[Date "2013.03.31"]
[Round "9"]
[White "Libiszewski, Fabien"]
[Black "Korneev, Oleg"]
[Result "1/2-1/2"]
[WhiteElo "2518"]
[BlackElo "2609"]
[PlyCount "28"]
[EventDate "2013.03.27"]
[EventRounds "9"]
[EventCountry "ESP"]

1. e4 e5 2. Nf3 Nc6 3. Bb5 Nf6 4. d3 Bc5 5. Bxc6 dxc6 6. Nbd2 Be6 7. b3 Nd7 8.
O-O O-O 9. Bb2 f6 10. d4 Bd6 11. Qe2 Qe7 12. Nc4 Bg4 13. Qe3 Rae8 14. Rfe1 Bb4
1/2-1/2

[Event "40º Torneo Internacional de Ajedrez de "]
[Site "La Roda (Albacete) - ESPAÑA"]
[Date "2013.03.31"]
[Round "9"]
[White "Cabrera, Alexis"]
[Black "Plaskett, H James"]
[Result "1-0"]
[WhiteElo "2529"]
[BlackElo "2516"]
[PlyCount "54"]
[EventDate "2013.03.27"]
[EventRounds "9"]
[EventCountry "ESP"]

1. e4 c5 2. Nf3 Nc6 3. d4 cxd4 4. Nxd4 Nf6 5. Nc3 d6 6. Bg5 Bd7 7. Qd2 Rc8 8.
f4 Nxd4 9. Qxd4 Qa5 10. e5 dxe5 11. fxe5 e6 12. O-O-O Rxc3 13. Bd2 Bc5 14. Bxc3
Bxd4 15. Bxa5 Bxe5 16. Bb5 Nd5 17. c4 Bxb5 18. cxd5 f6 19. Rhe1 Bf4+ 20. Bd2
Bxd2+ 21. Kxd2 e5 22. Rc1 Kd8 23. Rc5 Bd7 24. Rec1 Ke7 25. Rc7 Rb8 26. b4 f5
27. a4 Kd6 {....} 1-0

[Event "40º Torneo Internacional de Ajedrez de "]
[Site "La Roda (Albacete) - ESPAÑA"]
[Date "2013.03.31"]
[Round "9"]
[White "Popovic, Dusan"]
[Black "Arribas Lopez, Angel"]
[Result "1-0"]
[WhiteElo "2562"]
[BlackElo "2478"]
[PlyCount "83"]
[EventDate "2013.03.27"]
[EventRounds "9"]
[EventCountry "ESP"]

1. e4 c5 2. Nf3 d6 3. d4 Nf6 4. Nc3 cxd4 5. Nxd4 a6 6. h3 e6 7. g4 d5 8. Nde2
Bb4 9. a3 Ba5 10. b4 Bb6 11. exd5 Nxd5 12. Ne4 O-O 13. c4 Nf6 14. Qxd8 Bxd8 15.
Bg2 Nxe4 16. Bxe4 a5 17. Bb2 axb4 18. axb4 Rxa1+ 19. Bxa1 Na6 20. Bc3 Bf6 21.
Kd2 Rd8+ 22. Kc2 Be7 23. Kb3 g6 24. Nf4 f6 25. h4 Rd6 26. g5 Rb6 27. Nd3 f5 28.
Bg2 e5 29. Bd5+ Be6 30. Bxe6+ Rxe6 31. c5 b6 32. Nxe5 bxc5 33. b5 Nc7 34. Kc4
Ne8 35. Ra1 Bd6 36. f4 Kf8 37. Ra7 Re7 38. b6 Rxa7 39. bxa7 Nc7 40. Ba5 Na8 41.
Kd5 Ke7 42. Bc3 1-0

[Event "40º Torneo Internacional de Ajedrez de "]
[Site "La Roda (Albacete) - ESPAÑA"]
[Date "2013.03.31"]
[Round "9"]
[White "Pilgaard, Kim"]
[Black "Ibarra Jerez, Jose Carlos"]
[Result "1/2-1/2"]
[WhiteElo "2432"]
[BlackElo "2544"]
[PlyCount "39"]
[EventDate "2013.03.27"]
[EventRounds "9"]
[EventCountry "ESP"]

1. d4 Nf6 2. c4 d6 3. Nc3 e5 4. d5 Nbd7 5. e4 Nc5 6. f3 a5 7. Be3 c6 8. Qd2 a4
9. O-O-O Qa5 10. Kb1 Be7 11. Nge2 cxd5 12. Nxd5 Nxd5 13. cxd5 O-O 14. Qxa5 Rxa5
15. g4 Bd7 16. Bd2 Raa8 17. Nc3 Ra5 18. Ne2 Raa8 19. Nc3 Ra5 20. Ne2 1/2-1/2

[Event "40º Torneo Internacional de Ajedrez de "]
[Site "La Roda (Albacete) - ESPAÑA"]
[Date "2013.03.31"]
[Round "9"]
[White "Antoli Royo, Joaquin Miguel"]
[Black "Lopez Martinez, Josep Manuel"]
[Result "1/2-1/2"]
[WhiteElo "2414"]
[BlackElo "2500"]
[PlyCount "84"]
[EventDate "2013.03.27"]
[EventRounds "9"]
[EventCountry "ESP"]

1. e4 c6 2. d4 d5 3. Nc3 dxe4 4. Nxe4 Bf5 5. Ng3 Bg6 6. Nh3 e6 7. Nf4 Bd6 8. c3
Nf6 9. h4 Bxf4 10. Bxf4 h6 11. Be2 O-O 12. h5 Bh7 13. O-O Nbd7 14. Qb3 Nb6 15.
a4 Qd7 16. Rfd1 Nbd5 17. Bd2 a5 18. c4 Ne7 19. Bf4 Rfd8 20. Be5 Ne8 21. Bf3 Qc8
22. Rac1 Nc7 23. Qc3 Ne8 24. Qa3 Qd7 25. Qb3 Kh8 26. Ne4 Bxe4 27. Bxe4 f6 28.
Bf4 f5 29. Bf3 Nf6 30. Rd2 Neg8 31. Re1 Qf7 32. Qb6 Rd7 33. Rde2 Nxh5 34. Bxh5
Qxh5 35. Rxe6 Nf6 36. f3 Qh4 37. Bd2 Nh5 38. d5 Ng3 39. Qe3 Qh1+ 40. Kf2 Qh4
41. Kg1 Qh1+ 42. Kf2 Qh4 1/2-1/2

[Event "40º Torneo Internacional de Ajedrez de "]
[Site "La Roda (Albacete) - ESPAÑA"]
[Date "2013.03.31"]
[Round "9"]
[White "Ubilava, Elizbar"]
[Black "Navarro Lopez-Menchero, Daniel"]
[Result "1-0"]
[WhiteElo "2495"]
[BlackElo "2313"]
[PlyCount "55"]
[EventDate "2013.03.27"]
[EventRounds "9"]
[EventCountry "ESP"]

1. c4 e5 2. g3 Nc6 3. Bg2 Nf6 4. Nf3 Bc5 5. O-O d6 6. Nc3 O-O 7. e3 a6 8. d4
Ba7 9. h3 Re8 10. d5 Ne7 11. b4 c6 12. Nd2 cxd5 13. cxd5 Bf5 14. Bb2 Rc8 15.
Qb3 Bd3 16. Rfc1 Ng6 17. Nd1 e4 18. Rxc8 Qxc8 19. Rc1 Qd7 20. Bxf6 gxf6 21. Nb2
Ne5 22. Nxd3 Nxd3 23. Nxe4 Rxe4 24. Qxd3 Rxb4 25. Qc3 Qb5 26. Qc8+ Kg7 27. Rc7
h5 28. Qe6 1-0

[Event "40º Torneo Internacional de Ajedrez de "]
[Site "La Roda (Albacete) - ESPAÑA"]
[Date "2013.03.31"]
[Round "9"]
[White "Ramiro Ovejero, Juan Luis"]
[Black "Munoz Pantoja, Miguel"]
[Result "1-0"]
[WhiteElo "2368"]
[BlackElo "2483"]
[PlyCount "117"]
[EventDate "2013.03.27"]
[EventRounds "9"]
[EventCountry "ESP"]

1. e4 c5 2. Nf3 Nc6 3. Bb5 g6 4. Bxc6 bxc6 5. O-O Bg7 6. Re1 Nh6 7. c3 O-O 8.
d4 cxd4 9. cxd4 d5 10. e5 Bg4 11. Nbd2 f6 12. h3 Bxf3 13. Nxf3 Nf7 14. Bf4 Qb6
15. Qd2 fxe5 16. Nxe5 Nd6 17. Bh6 Ne4 18. Rxe4 Bxh6 19. Qxh6 dxe4 20. Nxg6 Qxd4
21. Nxe7+ Kh8 22. Ng6+ Kg8 23. Nxf8 Rxf8 24. Rf1 Rf6 25. Qe3 c5 26. Rc1 Rf5 27.
Rc3 h5 28. Qg3+ Kh7 29. Rb3 Rf7 30. Rb8 Rg7 31. Qf4 Qd5 32. Re8 e3 33. Qe4+
Qxe4 34. Rxe4 exf2+ 35. Kxf2 Rb7 36. b3 Kg6 37. Rc4 Rf7+ 38. Ke3 Re7+ 39. Re4
Rg7 40. Kd3 Rd7+ 41. Kc3 Rd5 42. h4 Kf5 43. Ra4 Rd7 44. Ra5 Kg4 45. Ra4+ Kg3
46. Re4 Rd5 47. Re7 Kxh4 48. Rxa7 Rg5 49. Kc4 Kg3 50. a4 Kxg2 51. Rh7 Kg3 52.
a5 h4 53. a6 Rg6 54. a7 Ra6 55. Kxc5 h3 56. Kb5 Ra3 57. b4 h2 58. Kb6 Kg2 59.
b5 1-0

[Event "40º Torneo Internacional de Ajedrez de "]
[Site "La Roda (Albacete) - ESPAÑA"]
[Date "2013.03.31"]
[Round "9"]
[White "Gavilan Diaz, Mario"]
[Black "Burmakin, Vladimir"]
[Result "0-1"]
[WhiteElo "2233"]
[BlackElo "2577"]
[PlyCount "74"]
[EventDate "2013.03.27"]
[EventRounds "9"]
[EventCountry "ESP"]

1. d4 d5 2. c4 c6 3. Nf3 Nf6 4. Nc3 a6 5. c5 Bf5 6. h3 Nbd7 7. Bf4 Be4 8. e3
Bxf3 9. gxf3 e5 10. dxe5 Nh5 11. Bh2 Bxc5 12. f4 g6 13. Be2 Ng7 14. O-O O-O 15.
Rc1 Qe7 16. Bf3 Rad8 17. Qb3 Nb6 18. Rfd1 Nf5 19. Ne2 Nc4 20. Nd4 Ng7 21. Qc2
Ba7 22. b3 Na3 23. Qb2 Nb5 24. Nc2 f6 25. a4 Nc7 26. exf6 Rxf6 27. Nd4 a5 28.
Bg4 Nce8 29. Bg3 Rf8 30. Qc2 Nd6 31. Bf3 Ndf5 32. Nxf5 Nxf5 33. Bh2 Qb4 34. Qc3
Qxc3 35. Rxc3 d4 36. Rcd3 dxe3 37. fxe3 Nxe3 0-1